| 000 | 01493aam a2200301 i 4500 | ||
|---|---|---|---|
| 001 | 768714001 | ||
| 003 | CO-MdFUSBC | ||
| 005 | 20250529110811.0 | ||
| 008 | 190530t1985 sp |||| |||| 00| 0 spa d | ||
| 020 | _a8476450222 | ||
| 040 |
_bspa. _aCO-MdFUSB _cCO-MdFUSB _dCO-MdFUSBC _erda |
||
| 041 | _aspa | ||
| 082 |
_224 _a248.46 _bSP772 |
||
| 100 | 1 |
_aSpurgeon, C. H. (Charles Haddon) _eautor |
|
| 245 | 1 | 0 |
_aSegún la promesa _c/ Charles Haddon Spurgeon ; traducido por Rhode Flores |
| 264 | 1 |
_aTerrassa : _bClie, _c[1985] |
|
| 264 | 4 | _c©1985 | |
| 300 |
_a149 páginas _c; 20 cm |
||
| 336 |
_atexto _btxt _2rdacontent |
||
| 337 |
_2rdamedia _asin mediación _bn |
||
| 338 |
_2rdacarrier _avolumen _bnc |
||
| 505 | 0 | _aLas dos semillas. -- Las dos vidas diferentes esperanzas. -- Persecución por causa de la promesa. -- La marcha. --; ¿A quiénes se aplican las promesas?. -- La promesa, un don gratuito. -- La promesa de Dios una realidad. -- El especial tesoro de los creyentes. -- La evaluación de las promesas. -- La promesa del Señor. -- La norma de sus dones. -- La regla sin excepción. --Tomando posesión de las promesas. -- Avalando la promesa. -- La promesa propia para esta vida. -- Informándose acerca de la promesa. -- El tiempo de la promesa. -- La posesión de las promesas por medio del Espíritu. -- Jesús y las promesas. | |
| 563 | _aRústico. | ||
| 650 | 0 |
_919 _aVida cristiana |
|
| 700 |
_92030 _aFlores, Rhode, _etraductor |
||
| 942 | _cBK | ||
| 945 | _aJTF-925 | ||
| 999 |
_c44899 _d44899 |
||